000 00328nam a2200133 i 4500
001 bg
100 1 _aMASLOV, A. A.
245 0 _aTechnologija i konstrukcii poluprovodnikovych priborov /
_cA.A. Maslov.
260 _aMoskva,
_c1970.
040 _cBPK
041 _apol
942 _cKS
008 s pl f |000 0 pol
999 _c9103
_d9103
856 _uhttp://koha.tu.koszalin.pl/cgi-bin/koha/opac-detail.pl?biblionumber=9103
_yKatalog online BPK